[Event "2018 O2C Doeberl Cup Premier"]
[Site "Canberra, Australia"]
[Date "2018.04.01"]
[Round "7.14"]
[White "Specht, Josh"]
[Black "Liu, Yi"]
[Result "0-1"]
[WhiteElo "2094"]
[BlackElo "2322"]
[PlyCount "44"]
[EventDate "2018.03.29"]

1. d4 d5 2. Bf4 Nf6 3. e3 e6 4. Nd2 Bd6 5. Bg3 O-O 6. Bd3 c5 7. c3 b6 8. Ngf3
Ba6 9. Bxa6 Nxa6 10. Ne5 Qc7 11. O-O Rac8 12. f4 Nb8 13. Bh4 Nfd7 14. Qg4 Rce8
15. Rf3 f6 16. Rg3 Nxe5 17. fxe5 fxe5 18. Rh3 cxd4 19. exd4 exd4 20. cxd4 Rf4
21. Qh5 g6 22. Rg3 Qg7 0-1

[Event "2018 O2C Doeberl Cup Premier"]
[Site "Canberra, Australia"]
[Date "2018.04.01"]
[Round "7.15"]
[White "Puccini, Jack"]
[Black "Parle, Hughston"]
[Result "1-0"]
[WhiteElo "2264"]
[BlackElo "2033"]
[PlyCount "89"]
[EventDate "2018.03.29"]

1. e4 c5 2. Nf3 d6 3. d4 cxd4 4. Nxd4 Nf6 5. Nc3 a6 6. Bc4 e6 7. Bb3 Nbd7 8.
Bg5 Qa5 9. Qd2 Be7 10. O-O-O Nc5 11. f3 Bd7 12. Rhe1 h6 13. Be3 b5 14. Kb1 Qc7
15. a3 Rb8 16. g4 a5 17. h4 b4 18. axb4 axb4 19. Na2 Ba4 20. g5 Bxb3 21. cxb3
Nfd7 22. Nxb4 Ne5 23. f4 Nxb3 24. Nxb3 Nf3 25. Qc3 Qxc3 26. bxc3 Nxe1 27. Rxe1
hxg5 28. hxg5 Rh2 29. Bd2 e5 30. f5 Kd7 31. Rg1 Bd8 32. Kc2 Bb6 33. Ra1 Be3 34.
Kd3 Bxd2 35. Ra7+ Kc8 36. Nxd2 Rb7 37. Ra8+ Rb8 38. Ra6 Rg2 39. Nc4 Rg3+ 40.
Kd2 Rg2+ 41. Kd3 Rg3+ 42. Kc2 Rg2+ 43. Kb3 Rxg5 44. Ra7 d5 45. Nd6+ 1-0

[Event "2018 O2C Doeberl Cup Premier"]
[Site "Canberra, Australia"]
[Date "2018.04.01"]
[Round "7.16"]
[White "Litchfield, Frederick"]
[Black "Goldsmith, Alan D"]
[Result "1-0"]
[WhiteElo "2054"]
[BlackElo "2179"]
[PlyCount "83"]
[EventDate "2018.03.29"]

1. d4 Nf6 2. c4 c5 3. d5 e6 4. Nc3 exd5 5. cxd5 d6 6. e4 g6 7. Bd3 Bg7 8. Nge2
O-O 9. O-O Re8 10. Bg5 h6 11. Bh4 g5 12. Bg3 Na6 13. a3 c4 14. Bxc4 Nxe4 15.
Nxe4 Rxe4 16. Qc2 Re8 17. Nc3 Qf6 18. Rfe1 Bf5 19. Qa4 Rxe1+ 20. Rxe1 Nc5 21.
Qd1 a6 22. f3 Rc8 23. Bf1 h5 24. Qd2 Nb3 25. Qd1 Nd4 26. Ne4 Bxe4 27. fxe4 h4
28. Bf2 Rc2 29. Be3 h3 30. Qg4 hxg2 31. Bxg2 Qg6 32. e5 dxe5 33. Bxd4 Rc4 34.
Be4 f5 35. Bxf5 Rxd4 36. Qxd4 Qxf5 37. Qc4 b5 38. Qe4 Qxe4 39. Rxe4 Kf7 40. Kf2
Ke7 41. Rg4 Kf6 42. Kf3 1-0

[Event "2018 O2C Doeberl Cup Premier"]
[Site "Canberra, Australia"]
[Date "2018.04.01"]
[Round "7.17"]
[White "Kethro, Michael"]
[Black "Slater-Jones, Henry"]
[Result "0-1"]
[WhiteElo "2170"]
[BlackElo "1869"]
[PlyCount "92"]
[EventDate "2018.03.29"]

1. d4 d5 2. c4 e6 3. Nc3 Nf6 4. Bg5 Be7 5. e3 O-O 6. Nf3 b6 7. Rc1 Bb7 8. cxd5
exd5 9. Qa4 Ne4 10. Bxe7 Qxe7 11. Bd3 Rc8 12. O-O Nd7 13. Ba6 Nxc3 14. Rxc3
Bxa6 15. Qxa6 Qd6 16. Rfc1 c6 17. Qa4 c5 18. b3 Rc6 19. Qa3 Qc7 20. dxc5 bxc5
21. Qb2 Rc8 22. Qc2 Qb6 23. Qf5 Nf6 24. Nd4 R6c7 25. Ne2 g6 26. Qc2 Ne4 27. Rd3
c4 28. Rdd1 cxb3 29. Qxb3 Qf6 30. f3 Rxc1 31. Rxc1 Rxc1+ 32. Nxc1 Qa1 33. Qc2
Nd6 34. Kf2 Qe5 35. h3 Nf5 36. Qb3 d4 37. exd4 Qxd4+ 38. Ke1 Qg1+ 39. Kd2 Qxg2+
40. Kd1 Qg1+ 41. Kd2 Qf2+ 42. Ne2 Kg7 43. Qc3+ Kh6 44. Qc7 Qe3+ 45. Kd1 Qxf3
46. Qxf7 Ne3+ 0-1

[Event "2018 O2C Doeberl Cup Premier"]
[Site "Canberra, Australia"]
[Date "2018.04.01"]
[Round "7.18"]
[White "Winkelman, Albert"]
[Black "Cannon, David"]
[Result "1-0"]
[WhiteElo "2010"]
[BlackElo "2159"]
[PlyCount "113"]
[EventDate "2018.03.29"]

1. e4 c5 2. Nf3 e6 3. d4 cxd4 4. Nxd4 Nf6 5. Nc3 d6 6. g4 h6 7. Bg2 a6 8. Be3
e5 9. Nf5 g6 10. Nxh6 Bxh6 11. g5 Ng4 12. gxh6 Nxe3 13. fxe3 Qh4+ 14. Ke2 Bg4+
15. Bf3 Bxf3+ 16. Kxf3 Nc6 17. Qd5 Qh3+ 18. Kf2 O-O-O 19. Rag1 Qxh6 20. Ke2
Rhf8 21. Rg2 Qh5+ 22. Kd2 Qf3 23. Rhg1 Kb8 24. Qc4 Ne7 25. Qf1 Qxf1 26. Rxf1
Kc8 27. Rf6 Ng8 28. Rf3 Kd7 29. Nd5 Ne7 30. Rf6 Nxd5 31. exd5 Ke8 32. Rgf2 Rd7
33. c4 Rh8 34. Kd3 Rh7 35. e4 b6 36. b4 Rh3+ 37. R6f3 Rxf3+ 38. Rxf3 Rc7 39.
Rh3 Ke7 40. Rh8 b5 41. cxb5 axb5 42. Rb8 Ra7 43. Rxb5 Rxa2 44. Rb7+ Kf6 45. Rd7
Rxh2 46. b5 Rh3+ 47. Ke2 Rb3 48. Rxd6+ Kg5 49. b6 f5 50. Re6 Kf4 51. d6 Rb2+
52. Kd1 Rxb6 53. d7 Rxe6 54. d8=Q Kxe4 55. Ke2 Rc6 56. Qd3+ Kf4 57. Qf3+ 1-0

[Event "2018 O2C Doeberl Cup Premier"]
[Site "Canberra, Australia"]
[Date "2018.04.01"]
[Round "7.19"]
[White "Nguyen, Thu Giang"]
[Black "Lo, Willis"]
[Result "1/2-1/2"]
[WhiteElo "2131"]
[BlackElo "2005"]
[PlyCount "116"]
[EventDate "2018.03.29"]

1. e4 c6 2. d4 d5 3. Nc3 dxe4 4. Nxe4 Bf5 5. Ng3 Bg6 6. h4 h6 7. N1e2 e6 8. Nf4
Bh7 9. Bc4 Nf6 10. Qe2 Bd6 11. c3 O-O 12. Nfh5 Nxh5 13. Nxh5 Nd7 14. Be3 Nf6
15. Nxf6+ Qxf6 16. O-O-O Bf4 17. g4 Be4 18. Rhg1 Bxe3+ 19. Qxe3 Qf3 20. g5
Qxe3+ 21. fxe3 hxg5 22. Rxg5 g6 23. h5 Kg7 24. hxg6 Bxg6 25. Rdg1 Kf6 26. Kd2
Rh8 27. R5g2 Rh5 28. Be2 Rh4 29. Bf3 Rah8 30. b4 Be4 31. Bxe4 Rxe4 32. Rf2+ Ke7
33. Rg7 Rf8 34. a4 Rh4 35. Kd3 Rhh8 36. Kc4 Rh6 37. b5 Rf6 38. Ra2 Kd6 39. e4
Rf3 40. e5+ Kd7 41. Kb4 Rc8 42. c4 b6 43. bxc6+ Kxc6 44. a5 Rb8 45. a6 b5 46.
cxb5+ Rxb5+ 47. Kc4 Rbb3 48. Rc2 Ra3 49. Kb4+ Kd5 50. Rc5+ Ke4 51. Rxf7 Rxf7
52. Kxa3 Kxd4 53. Rb5 Rf5 54. Rb7 Kc5 55. Rxa7 Kb6 56. Re7 Rxe5 57. a7 Ra5+ 58.
Kb4 Rxa7 1/2-1/2

[Event "2018 O2C Doeberl Cup Premier"]
[Site "Canberra, Australia"]
[Date "2018.04.01"]
[Round "7.20"]
[White "Mallari, Donato"]
[Black "Cameron, Alistair"]
[Result "0-1"]
[WhiteElo "1966"]
[BlackElo "2104"]
[PlyCount "102"]
[EventDate "2018.03.29"]

1. e4 c5 2. Nc3 a6 3. g3 b5 4. a3 Bb7 5. Bg2 e5 6. d3 Nc6 7. Nd5 Nge7 8. Nf3 d6
9. Bg5 Nd4 10. Nh4 Bxd5 11. exd5 h6 12. Bxe7 Bxe7 13. c3 Bxh4 14. cxd4 Be7 15.
dxc5 dxc5 16. d6 Bxd6 17. Bc6+ Ke7 18. Bxa8 Qxa8 19. O-O h5 20. Qe2 h4 21. Qe4
hxg3 22. fxg3 Qxe4 23. dxe4 c4 24. Kg2 Bc5 25. Rad1 Bd4 26. Rd2 a5 27. Kf3 Rc8
28. Rc2 Kd6 29. h4 Kc5 30. Rfc1 Rc6 31. b3 Rf6+ 32. Kg2 c3 33. Rd1 a4 34. Rdc1
b4 35. axb4+ Kxb4 36. bxa4 Ra6 37. Rb1+ Kc4 38. Ra2 Kd3 39. Rb7 Rc6 40. Rxf7 c2
41. Rxc2 Rxc2+ 42. Kh3 g6 43. Rf6 g5 44. hxg5 Rc7 45. g6 Rg7 46. Kg4 Kxe4 47.
a5 Kd3 48. Kf5 e4 49. Rf7 Rg8 50. Re7 e3 51. a6 e2 0-1

[Event "2018 O2C Doeberl Cup Premier"]
[Site "Canberra, Australia"]
[Date "2018.04.01"]
[Round "8.1"]
[White "Kunte, Abhijit"]
[Black "Gareyev, Timur"]
[Result "1/2-1/2"]
[WhiteElo "2499"]
[BlackElo "2590"]
[PlyCount "61"]
[EventDate "2018.03.29"]

1. Nf3 Nf6 2. g3 d5 3. Bg2 c6 4. d3 Bf5 5. O-O e6 6. b3 h6 7. Bb2 Be7 8. c4 O-O
9. Nbd2 a5 10. a3 Nbd7 11. Ra2 Re8 12. Qa1 Bf8 13. Ne5 Nxe5 14. Bxe5 Bg6 15.
Bc3 b5 16. cxb5 cxb5 17. a4 b4 18. Bxf6 gxf6 19. Rc2 Qd7 20. Rfc1 Rac8 21. Nf3
Bg7 22. Rc5 Bh5 23. R1c2 Bf8 24. Rxc8 Rxc8 25. Qc1 Rxc2 26. Qxc2 Qa7 27. e3 Qc5
28. Qxc5 Bxc5 29. Kf1 Bxf3 30. Bxf3 f5 31. Ke2 1/2-1/2

[Event "2018 O2C Doeberl Cup Premier"]
[Site "Canberra, Australia"]
[Date "2018.04.01"]
[Round "8.2"]
[White "Sengupta, Deep"]
[Black "Morris, James"]
[Result "0-1"]
[WhiteElo "2579"]
[BlackElo "2461"]
[PlyCount "60"]
[EventDate "2018.03.29"]

1. e4 c5 2. Nf3 e6 3. d4 cxd4 4. Nxd4 Nc6 5. Nc3 Qc7 6. Be3 Nf6 7. Qf3 a6 8.
O-O-O Bb4 9. Nxc6 bxc6 10. Bd4 d5 11. exd5 cxd5 12. Bd3 Rb8 13. Rhe1 Kf8 14.
Re3 Bc5 15. Be5 Bd6 16. Bxf6 gxf6 17. Qxf6 Rg8 18. Ne2 Rxg2 19. Kb1 Qe7 20.
Qh6+ Ke8 21. f4 Qf8 22. Qxh7 Be7 23. b3 Bf6 24. Rg3 Qa3 25. c3 Bxc3 26. Bb5+
axb5 27. Rxc3 Rxe2 28. Qh8+ Kd7 29. Rxd5+ exd5 30. Qh3+ Kd6 0-1

[Event "2018 O2C Doeberl Cup Premier"]
[Site "Canberra, Australia"]
[Date "2018.04.01"]
[Round "8.3"]
[White "Mu, Ke"]
[Black "Sukandar, Irine Kharisma"]
[Result "1/2-1/2"]
[WhiteElo "2450"]
[BlackElo "2408"]
[PlyCount "82"]
[EventDate "2018.03.29"]

1. d4 Nf6 2. c4 e6 3. Nf3 b6 4. g3 Bb7 5. Bg2 Bb4+ 6. Bd2 c5 7. O-O O-O 8. Bg5
cxd4 9. Qxd4 Nc6 10. Qd1 Rc8 11. a3 Be7 12. Nbd2 h6 13. Bf4 d6 14. Nb3 e5 15.
Bd2 e4 16. Nh4 Ne5 17. Nf5 Nxc4 18. Bc3 Re8 19. Qd4 d5 20. Nxe7+ Qxe7 21. Rac1
Bc6 22. Nd2 Nd6 23. Qb4 Bb5 24. Rfe1 a5 25. Qd4 Rb8 26. Qe3 Nf5 27. Qf4 Bd7 28.
Nb3 Rbc8 29. Nd4 Nxd4 30. Bxd4 Qe6 31. Qe3 b5 32. Qd2 a4 33. Red1 Rxc1 34. Rxc1
Rc8 35. Rxc8+ Bxc8 36. Bxf6 gxf6 37. Qxh6 Qe5 38. Qc1 Be6 39. e3 d4 40. exd4
Qxd4 41. h4 b4 1/2-1/2

[Event "2018 O2C Doeberl Cup Premier"]
[Site "Canberra, Australia"]
[Date "2018.04.01"]
[Round "8.4"]
[White "Ma, Qun"]
[Black "Lane, Gary W"]
[Result "1-0"]
[WhiteElo "2645"]
[BlackElo "2385"]
[PlyCount "99"]
[EventDate "2018.03.29"]

1. c4 e5 2. Nc3 Nc6 3. Nf3 g6 4. g3 Bg7 5. Bg2 d6 6. O-O f5 7. d3 Nf6 8. Rb1
O-O 9. b4 a6 10. a4 h6 11. b5 axb5 12. axb5 Ne7 13. c5 Be6 14. b6 c6 15. Qc2
Nfd5 16. cxd6 Qxd6 17. Na4 g5 18. Nd2 Ng6 19. Nc4 Qd8 20. Ba3 Rf6 21. Bd6 Rf7
22. Nc5 Bc8 23. e4 Nf6 24. Bc7 Qf8 25. exf5 Qxc5 26. fxg6 Rd7 27. Bxe5 Ng4 28.
Qb3 Kh8 29. d4 Qf8 30. Rbe1 Qg8 31. Qc2 Qf8 32. Bh3 Rd8 33. Bxg7+ Qxg7 34. Bxg4
Bxg4 35. Ne5 Be6 36. Qc3 Rdc8 37. f4 gxf4 38. Rxf4 Bd5 39. Rf2 Ra2 40. Rxa2
Bxa2 41. Rf1 Bd5 42. Qe3 Kg8 43. Rf7 Bxf7 44. gxf7+ Kf8 45. Qf4 Ke7 46. Qf5 Qg5
47. Ng6+ Kd6 48. Qxg5 hxg5 49. f8=Q+ Rxf8 50. Nxf8 1-0

[Event "2018 O2C Doeberl Cup Premier"]
[Site "Canberra, Australia"]
[Date "2018.04.01"]
[Round "8.5"]
[White "Bjelobrk, Igor"]
[Black "Tao, Trevor"]
[Result "1-0"]
[WhiteElo "2380"]
[BlackElo "2366"]
[PlyCount "55"]
[EventDate "2018.03.29"]

1. d4 Nf6 2. c4 e6 3. g3 d5 4. Nf3 Bb4+ 5. Bd2 Be7 6. Bg2 O-O 7. O-O Nbd7 8.
Qc2 c6 9. Rd1 b6 10. b3 Ba6 11. Bc1 Rc8 12. Bb2 c5 13. Nc3 dxc4 14. d5 Re8 15.
dxe6 fxe6 16. Ng5 Bf8 17. Nd5 Ne4 18. Bxe4 Qxg5 19. Bxh7+ Kh8 20. Nf4 Nf6 21.
Bc1 Nxh7 22. Ng6+ Qxg6 23. Qxg6 c3 24. Bf4 Bxe2 25. Rd7 Rcd8 26. Rxd8 Rxd8 27.
Qc2 Ba6 28. Qxc3 1-0

[Event "2018 O2C Doeberl Cup Premier"]
[Site "Canberra, Australia"]
[Date "2018.04.01"]
[Round "8.6"]
[White "Song, Raymond"]
[Black "Smirnov, Anton"]
[Result "1/2-1/2"]
[WhiteElo "2233"]
[BlackElo "2543"]
[PlyCount "139"]
[EventDate "2018.03.29"]

1. e4 e6 2. d4 d5 3. Nc3 Bb4 4. e5 c5 5. a3 Ba5 6. b4 cxd4 7. Nb5 Bc7 8. f4 Bd7
9. Nf3 Ne7 10. Nbxd4 Nbc6 11. Bd3 Nxd4 12. Nxd4 Bb6 13. Nf3 Qc7 14. Bb2 a6 15.
Qe2 g6 16. Rc1 Nf5 17. Bxf5 gxf5 18. Bd4 Bxd4 19. Nxd4 Qc3+ 20. Qd2 Rc8 21.
Qxc3 Rxc3 22. Kd2 Rxa3 23. Ra1 Rxa1 24. Rxa1 Ke7 25. g3 Rc8 26. c3 Ra8 27. Kc2
Kd8 28. h3 h5 29. g4 fxg4 30. hxg4 hxg4 31. Rg1 Ke7 32. Rxg4 Rh8 33. Rg3 b6 34.
Rf3 f6 35. exf6+ Kxf6 36. Kb3 a5 37. Ka3 Rc8 38. Rh3 Rc7 39. b5 Ke7 40. Kb3 Rc8
41. Rh7+ Kd6 42. Rh6 Kc5 43. Rh7 Rd8 44. Rh6 Rc8 45. Rh7 Bxb5 46. Nxe6+ Kd6 47.
Nd4 Bc4+ 48. Kb2 Rg8 49. Rh6+ Kc7 50. Rh7+ Kc8 51. f5 Rg2+ 52. Kc1 Rf2 53. Re7
a4 54. Ra7 Bd3 55. Rxa4 Kb7 56. Rb4 Bxf5 57. Nxf5 Rxf5 58. Kb2 Kc6 59. Rh4 Kc5
60. Kb3 Rf3 61. Rg4 b5 62. Rh4 Re3 63. Rg4 Re1 64. Rh4 Ra1 65. Rg4 Ra4 66. Rg8
Ra6 67. Rg4 Re6 68. Rh4 Re4 69. Rh8 Re6 70. Rh4 1/2-1/2

[Event "2018 O2C Doeberl Cup Premier"]
[Site "Canberra, Australia"]
[Date "2018.04.01"]
[Round "8.7"]
[White "Johansen, Darryl K"]
[Black "Ikeda, Junta"]
[Result "0-1"]
[WhiteElo "2354"]
[BlackElo "2415"]
[PlyCount "76"]
[EventDate "2018.03.29"]

1. c4 f5 2. g3 Nf6 3. d4 g6 4. Bg2 Bg7 5. b3 O-O 6. Bb2 d6 7. Nf3 Qe8 8. Qc1
Na6 9. O-O h6 10. Nbd2 g5 11. a3 c6 12. Qc2 Bd7 13. e4 f4 14. gxf4 Nh5 15. f5
e6 16. fxe6 Qxe6 17. d5 Qg6 18. Bxg7 Qxg7 19. Rae1 Rae8 20. b4 Nf4 21. dxc6
bxc6 22. c5 Nc7 23. Qa2+ Kh7 24. Qa1 Qg6 25. Nd4 dxc5 26. bxc5 Qh5 27. Re3 Nxg2
28. Kxg2 Rf4 29. Rg3 Rh4 30. Rh1 Bh3+ 31. Rxh3 Rxh3 32. Nf1 Rd3 33. Ng3 Qf7 34.
Rf1 h5 35. f3 Rd2+ 36. Kh1 Rb8 37. Rb1 Rxb1+ 38. Qxb1 Rxd4 0-1

[Event "2018 O2C Doeberl Cup Premier"]
[Site "Canberra, Australia"]
[Date "2018.04.01"]
[Round "8.8"]
[White "Stojic, Dusan"]
[Black "Clarke, Brandon G I"]
[Result "0-1"]
[WhiteElo "2265"]
[BlackElo "2362"]
[PlyCount "60"]
[EventDate "2018.03.29"]

1. e4 c5 2. Nf3 d6 3. d4 cxd4 4. Nxd4 Nf6 5. Nc3 a6 6. Bg5 e6 7. Qd3 Nbd7 8.
O-O-O b5 9. f4 Bb7 10. e5 dxe5 11. fxe5 Nxe5 12. Qg3 Ned7 13. Ndxb5 axb5 14.
Bxb5 Bc8 15. Rd3 Be7 16. Rhd1 O-O 17. Bh6 g6 18. Kb1 Re8 19. Qf3 Ra7 20. Bg5
Qa5 21. Rd4 Nd5 22. Rxd5 exd5 23. Re1 d4 24. Bc4 Nf6 25. Bxf6 dxc3 26. Bd4 Bf5
27. g4 cxb2 28. Re5 Qd2 29. Bxf7+ Kf8 30. Bxb2 Qxc2+ 0-1

[Event "2018 O2C Doeberl Cup Premier"]
[Site "Canberra, Australia"]
[Date "2018.04.01"]
[Round "8.9"]
[White "Zulfic, Fedja"]
[Black "Chapman, Mark"]
[Result "1-0"]
[WhiteElo "2156"]
[BlackElo "2385"]
[PlyCount "105"]
[EventDate "2018.03.29"]

1. d4 d5 2. Bf4 Nf6 3. e3 e6 4. Nd2 c5 5. c3 Nc6 6. Ngf3 Bd6 7. Bg3 Qe7 8. Ne5
Bxe5 9. dxe5 Nd7 10. f4 f6 11. Nf3 fxe5 12. fxe5 c4 13. Be2 Nc5 14. O-O Ne4 15.
Bh4 Qc5 16. Nd4 g5 17. Bh5+ Kd8 18. Qg4 Kc7 19. Bxg5 Rg8 20. h4 Kb6 21. b4 cxb3
22. Rab1 Na5 23. Nxb3 Nxb3 24. Rxb3+ Kc6 25. c4 Qxc4 26. Rbb1 Nc5 27. Qxc4 dxc4
28. Rf7 Nd7 29. Bf3+ Kc7 30. Rxh7 Rb8 31. a4 a6 32. Rd1 Kb6 33. Rdxd7 Bxd7 34.
Rxd7 Ka5 35. Bxb7 c3 36. Rc7 c2 37. e4 Rxb7 38. Bd2+ Kb6 39. Rxc2 Rg4 40. a5+
Kb5 41. Rb2+ Kc6 42. Rxb7 Kxb7 43. h5 Rxe4 44. h6 Rxe5 45. g4 Re4 46. g5 Rh4
47. Kf1 Rh1+ 48. Kg2 Rh4 49. Kg3 Rh1 50. Be3 Re1 51. Bf2 Re5 52. Kg4 Re4+ 53.
Kh5 1-0

[Event "2018 O2C Doeberl Cup Premier"]
[Site "Canberra, Australia"]
[Date "2018.04.01"]
[Round "8.10"]
[White "Wright, Neil S"]
[Black "Dale, Ari"]
[Result "0-1"]
[WhiteElo "2110"]
[BlackElo "2374"]
[PlyCount "108"]
[EventDate "2018.03.29"]

1. e4 d5 2. exd5 Qxd5 3. Nc3 Qd8 4. d4 Nf6 5. Nf3 Bg4 6. h3 Bxf3 7. Qxf3 c6 8.
Be3 e6 9. Qg3 Qb6 10. O-O-O Nd5 11. Nxd5 cxd5 12. c4 Nc6 13. c5 Qa5 14. Kb1 g6
15. Be2 Bg7 16. h4 Ne7 17. Bd2 Qa4 18. Qc7 Qd7 19. Qxd7+ Kxd7 20. Bc3 h5 21. b4
b6 22. Kc2 a5 23. b5 Rac8 24. c6+ Kc7 25. Bd3 Nf5 26. Bxf5 gxf5 27. Bd2 Bh6 28.
Bg5 Rcg8 29. Bf6 Bg7 30. Be7 Bf8 31. Bf6 Rh6 32. Be5+ Bd6 33. Bxd6+ Kxd6 34. g3
f4 35. gxf4 Rf6 36. Rh3 Rxf4 37. Rd2 Rgg4 38. Kc3 Rxh4 39. Rxh4 Rxh4 40. Rd3
Rf4 41. Rh3 h4 42. a3 f6 43. f3 e5 44. dxe5+ fxe5 45. Kb2 a4 46. Ka2 Rc4 47.
Rh2 Kc5 48. c7 Kxb5 49. Rb2+ Ka5 50. Rd2 d4 51. f4 Rxc7 52. fxe5 h3 53. Rh2 d3
54. Kb1 Rg7 0-1

[Event "2018 O2C Doeberl Cup Premier"]
[Site "Canberra, Australia"]
[Date "2018.04.01"]
[Round "8.12"]
[White "Liu, Yi"]
[Black "Litchfield, Frederick"]
[Result "1/2-1/2"]
[WhiteElo "2322"]
[BlackElo "2054"]
[PlyCount "102"]
[EventDate "2018.03.29"]

1. d4 e6 2. Nf3 Nf6 3. c4 b6 4. Nc3 Bb7 5. e3 Be7 6. Bd3 d5 7. cxd5 exd5 8. b3
Nbd7 9. Bb2 O-O 10. O-O Re8 11. Ne5 c5 12. f4 Nf8 13. Bb5 N8d7 14. Qf3 a6 15.
Bd3 b5 16. Rac1 Rb8 17. Qh3 c4 18. Nxd7 Qxd7 19. Bxh7+ Kf8 20. Bf5 Qd6 21. Qh8+
Ng8 22. bxc4 bxc4 23. Bh7 Bf6 24. Nb1 Ke7 25. Ba3 Nh6 26. Bg8 Bc8 27. Bxd6+
Kxd6 28. e4 dxe4 29. Nd2 Bxd4+ 30. Kh1 Rxg8 31. Nxc4+ Ke7 32. Qxg8 Nxg8 33. Na5
Bd7 34. Rc4 Rb5 35. Rxd4 Rxa5 36. Rxe4+ Kf6 37. Rd4 Bb5 38. Rf2 Nh6 39. Rd6+
Ke7 40. Rb6 Ra4 41. h3 Nf5 42. Rb7+ Ke6 43. Kh2 g6 44. Rb6+ Ke7 45. g4 Nd6 46.
h4 Rd4 47. Rb8 Rd1 48. Rc2 Bc4 49. Rb6 Rd4 50. Kg3 Ne4+ 51. Kf3 Nd6 1/2-1/2

[Event "2018 O2C Doeberl Cup Premier"]
[Site "Canberra, Australia"]
[Date "2018.04.01"]
[Round "8.13"]
[White "Chen, Pengyu"]
[Black "Otawa, Yuto"]
[Result "1-0"]
[WhiteElo "2273"]
[BlackElo "1895"]
[PlyCount "193"]
[EventDate "2018.03.29"]

1. Nf3 c5 2. e4 e6 3. c3 d5 4. exd5 exd5 5. Bb5+ Nc6 6. O-O Nf6 7. d4 Be7 8.
dxc5 Bxc5 9. Re1+ Be6 10. Be3 Bxe3 11. Rxe3 O-O 12. Na3 Qb6 13. Qe2 d4 14. cxd4
Nxd4 15. Nxd4 Qxd4 16. Rd1 Qb6 17. Bc4 Rae8 18. Bxe6 Rxe6 19. Nc4 Rxe3 20. Qxe3
Qxe3 21. Nxe3 g6 22. g4 g5 23. Rd6 Kg7 24. h4 gxh4 25. Nf5+ Kg6 26. Nxh4+ Kg7
27. Nf5+ Kg6 28. Nh4+ Kg7 29. g5 Ne4 30. Nf5+ Kg8 31. Rd7 Nxg5 32. Rxb7 Ra8 33.
a4 a5 34. Rb5 Ne6 35. Ne7+ Kg7 36. Nc6 Ra6 37. Nxa5 Nc7 38. Re5 Kf6 39. f4 Ne6
40. b3 Nxf4 41. Nc4 h5 42. Rb5 Ne2+ 43. Kf2 Nd4 44. Rxh5 Kg6 45. Ra5 Rf6+ 46.
Ke3 Nxb3 47. Rb5 Ra6 48. Rxb3 Rxa4 49. Nd2 Ra1 50. Nf3 Ra4 51. Rb5 f5 52. Rb6+
Kf7 53. Nd2 Ke7 54. Nb3 Kf7 55. Nc5 Ra5 56. Nd3 Ra4 57. Nb4 Ke7 58. Kf4 Kd7 59.
Ke5 f4 60. Rb7+ Kc8 61. Rb5 Kd7 62. Kd5 Ra1 63. Rb7+ Kc8 64. Rf7 f3 65. Nd3 f2
66. Nxf2 Ra5+ 67. Kc6 Ra6+ 68. Kb5 Re6 69. Nd3 Kd8 70. Nc5 Rg6 71. Kc4 Ke8 72.
Ra7 Rd6 73. Ne4 Rd1 74. Nc3 Rd6 75. Nd5 Rc6+ 76. Kd4 Rh6 77. Ke5 Rc6 78. Nc7+
Kd8 79. Ne6+ Kc8 80. Kd5 Rc1 81. Nc5 Kd8 82. Kd6 Rd1+ 83. Ke5 Re1+ 84. Ne4 Kc8
85. Kd5 Rd1+ 86. Kc6 Kd8 87. Nf6 Rc1+ 88. Kd6 Kc8 89. Nd5 Rd1 90. Ra3 Kb7 91.
Rb3+ Ka6 92. Kc6 Rc1+ 93. Nc3 Ka7 94. Kc7 Ra1 95. Rb4 Ra6 96. Rb7+ Ka8 97. Rb8+
1-0

[Event "2018 O2C Doeberl Cup Premier"]
[Site "Canberra, Australia"]
[Date "2018.04.01"]
[Round "8.14"]
[White "Slater-Jones, Henry"]
[Black "Puccini, Jack"]
[Result "1/2-1/2"]
[WhiteElo "1869"]
[BlackElo "2264"]
[PlyCount "55"]
[EventDate "2018.03.29"]

1. d4 Nf6 2. c4 g6 3. Nc3 Bg7 4. e4 d6 5. Be2 O-O 6. Be3 e5 7. Nf3 c6 8. O-O
Na6 9. Qc2 exd4 10. Nxd4 Re8 11. Rfe1 Nc7 12. Rad1 Qe7 13. f3 Nh5 14. g4 Nf6
15. Qd2 d5 16. cxd5 cxd5 17. e5 Nd7 18. f4 Nb6 19. b3 Qh4 20. Bf2 Qh3 21. g5 h6
22. Ndb5 Nxb5 23. Bxb5 Rd8 24. Bg3 Be6 25. Bf1 Qh5 26. Be2 Qh3 27. Bf1 Qh5 28.
Be2 1/2-1/2

[Event "2018 O2C Doeberl Cup Premier"]
[Site "Canberra, Australia"]
[Date "2018.04.01"]
[Round "8.15"]
[White "Brown, Andrew"]
[Black "Winkelman, Albert"]
[Result "1/2-1/2"]
[WhiteElo "2278"]
[BlackElo "2010"]
[Annotator "Paul"]
[PlyCount "87"]
[EventDate "2018.03.29"]

1. Nf3 Nf6 2. c4 e6 3. Nc3 d5 4. d4 Bb4 5. cxd5 exd5 6. Bg5 h6 7. Bxf6 Qxf6 8.
e3 c6 9. Bd3 O-O 10. Qc2 Re8 11. O-O Nd7 12. e4 Bxc3 13. bxc3 dxe4 14. Bxe4 Nb6
15. Ne5 Be6 16. Rab1 Rac8 17. f4 Nc4 18. Qd3 Nd6 19. Rb2 Bd5 20. Bf3 b5 21. Re2
Bc4 22. Nxc4 Nxc4 23. Rfe1 Rxe2 24. Qxe2 c5 25. dxc5 Qxc3 26. c6 Na5 27. Qe5
Qxe5 28. Rxe5 Nxc6 29. Rc5 Ne7 30. Rxb5 Rc1+ 31. Kf2 Rc2+ 32. Ke1 Rxa2 33. Rb8+
Kh7 34. Rb7 Ng6 35. g3 f5 36. h4 Ra5 37. Be2 Nf8 38. Bc4 Rc5 39. Bd3 Kg8 40.
Rxa7 Nh7 41. Ra8+ Kf7 42. g4 fxg4 (42... g6 43. Ra7+ Kg8 44. h5 gxh5 45. gxf5
Nf6 46. Be2 Rxf5 47. Ra4 Nd5 48. Ra5 Ne3 49. Rxf5 Nxf5) 43. Ra7+ Kf6 44. h5
1/2-1/2

[Event "2018 O2C Doeberl Cup Premier"]
[Site "Canberra, Australia"]
[Date "2018.04.01"]
[Round "8.16"]
[White "Lam, Daniel King-Wai"]
[Black "Nguyen, Thu Giang"]
[Result "1-0"]
[WhiteElo "2215"]
[BlackElo "2131"]
[PlyCount "139"]
[EventDate "2018.03.29"]

1. c4 Nf6 2. Nc3 e6 3. e4 d5 4. e5 Ne4 5. Qc2 Nxc3 6. bxc3 c5 7. f4 Nc6 8. Nf3
f6 9. Bd3 f5 10. O-O Be7 11. Bb2 b6 12. cxd5 Qxd5 13. Qa4 O-O 14. Bc4 Qd7 15.
Qd1 Na5 16. Be2 Bb7 17. d3 Rad8 18. Qc2 Bc6 19. Bc1 Bb5 20. Ne1 Ba4 21. Qb2 h6
22. Nf3 Qd5 23. Be3 Bc6 24. Rad1 Bb7 25. Rf2 Qc6 26. Nd2 Bh4 27. Rf3 Qa4 28.
Rff1 Be7 29. Nb3 Nc6 30. Nxc5 Bxc5 31. Bxc5 bxc5 32. Qxb7 Rf7 33. Qb2 Rb8 34.
Qd2 Rfb7 35. Qe3 Rb2 36. Bf3 Qb5 37. Rd2 Rxd2 38. Qxd2 Na5 39. Qe3 Rc8 40. g4
g6 41. Rf2 Rc7 42. gxf5 gxf5 43. Rg2+ Kh7 44. Be2 Rg7 45. Rxg7+ Kxg7 46. Qg3+
Kf7 47. Qh4 Qb1+ 48. Kf2 Qxa2 49. Qf6+ Ke8 50. Qh8+ Kd7 51. Qg7+ Kc6 52. Qxa7
h5 53. Qa6+ Kc7 54. Qd6+ Kb7 55. Qxc5 Nc6 56. Qb5+ Kc7 57. Qc5 Qd2 58. Qe3 Qxc3
59. Bxh5 Nd4 60. h4 Nc2 61. Qa7+ Kc8 62. Qa6+ Kc7 63. Qc4+ Qxc4 64. dxc4 Nd4
65. Be2 Kd7 66. h5 Ke7 67. c5 Kf7 68. Bf3 Kg7 69. c6 Nb5 70. Ke3 1-0

[Event "2018 O2C Doeberl Cup Premier"]
[Site "Canberra, Australia"]
[Date "2018.04.01"]
[Round "8.17"]
[White "Chan, Luis"]
[Black "Prasad, Lalit"]
[Result "1-0"]
[WhiteElo "2210"]
[BlackElo "1986"]
[PlyCount "73"]
[EventDate "2018.03.29"]

1. e4 Nf6 2. e5 Nd5 3. d4 d6 4. Nf3 dxe5 5. Nxe5 c6 6. Be2 Nd7 7. Nf3 N7f6 8.
O-O Bf5 9. c4 Nb6 10. Nc3 e6 11. Nh4 Bg6 12. Bf4 Ne4 13. Nxg6 Nxc3 14. bxc3
hxg6 15. h3 Be7 16. Rb1 Bg5 17. Bh2 O-O 18. a4 Qd7 19. Qb3 c5 20. a5 Na4 21.
Rfd1 Rfd8 22. Ra1 Nxc3 23. Qxc3 cxd4 24. Qb3 Qe7 25. Bf3 e5 26. Qxb7 Rac8 27.
Qxe7 Bxe7 28. Bxe5 Rxc4 29. Rac1 Rxc1 30. Rxc1 Bf6 31. Bxf6 gxf6 32. Rc5 Re8
33. Kf1 Re5 34. Rd5 Kf8 35. a6 Ke7 36. Rxd4 Ra5 37. Be2 1-0

[Event "2018 O2C Doeberl Cup Premier"]
[Site "Canberra, Australia"]
[Date "2018.04.01"]
[Round "8.18"]
[White "Hu, Jason"]
[Black "Slater-Jones, Tom"]
[Result "1-0"]
[WhiteElo "2157"]
[BlackElo "2032"]
[PlyCount "79"]
[EventDate "2018.03.29"]

1. d4 d5 2. Nf3 Nf6 3. g3 g6 4. Bg2 Bg7 5. O-O O-O 6. c4 c6 7. cxd5 Nxd5 8. e4
Nc7 9. Nc3 Bg4 10. Be3 e5 11. dxe5 Bxf3 12. Qxf3 Nd7 13. Qe2 Bxe5 14. f4 Bg7
15. Qf2 Qe7 16. e5 f6 17. exf6 Rxf6 18. Rfe1 Qb4 19. Rad1 Rf7 20. Bh3 Nf8 21.
Bxa7 Rxa7 22. Qxa7 Qxb2 23. Ne4 Nb5 24. Qa8 Re7 25. Bg2 Nd4 26. Kh1 Nc2 27. Re2
Rd7 28. Rf1 Rd4 29. Bh3 Qb4 30. Qe8 Qc4 31. Ng5 Rd6 32. Rc1 h6 33. Rexc2 Rd1+
34. Rxd1 Qxc2 35. Be6+ Kh8 36. Nf7+ Kh7 37. Bb3 Qf5 38. Qe2 b5 39. Ne5 Ne6 40.
Bc2 1-0